NLSUI OPAC header image

Towards safer surrogacy : unpacking the effect of current laws, regulations bans in India on surrogate mothers children (Record no. 217662)

MARC details
000 -LEADER
fixed length control field 00560nam a2200133Ia 4500
005 - DATE AND TIME OF LATEST TRANSACTION
control field 20260209120149.0
008 - FIXED-LENGTH DATA ELEMENTS--GENERAL INFORMATION
fixed length control field 260209s9999||||xx |||||||||||||| ||und||
100 ## - MAIN ENTRY--PERSONAL NAME
Personal name Garvita Chopra
245 #0 - TITLE STATEMENT
Title Towards safer surrogacy : unpacking the effect of current laws, regulations bans in India on surrogate mothers children
260 ## - PUBLICATION, DISTRIBUTION, ETC.
Place of publication, distribution, etc. BangaloreBangalore
Name of publisher, distributor, etc. NLSIU, Bangalore
Date of publication, distribution, etc. 2023 - 2024
300 ## - PHYSICAL DESCRIPTION
Extent 34 p. ; 25 cm.
700 ## - ADDED ENTRY--PERSONAL NAME
Personal name Ms. Meenakshi Ramakumar - SupervisorMs. Meenakshi Ramakumar - Supervisor
856 ## - ELECTRONIC LOCATION AND ACCESS
Uniform Resource Identifier <a href="https://dans.nls.ac.in/handle/123456789/2100">https://dans.nls.ac.in/handle/123456789/2100</a>
Holdings
Withdrawn status Lost status Damaged status Not for loan Home library Current library Date acquired Total Checkouts Barcode Date last seen Price effective from Koha item type
        . . 09.02.2026   LLM1029 09.02.2026 09.02.2026 Dissertation